000 00666nam a2200277Ia 4500
005 20260324141557.0
008 008 260324s9999 xx 000 0 eng d
020 _a9780429313219
037 _aEBOOK
040 _aCRL
040 _beng
040 _cCRL
041 _2eng
041 _aeng
084 _qCRL
100 _aAbdellatif Bencherifa; Will D Swearingen
_91208711
245 4 _aThe North African Environment At Risk
260 _bTaylor and Francis
260 _c1996
365 _a
365 _b230
856 _uhttp://www.taylorfrancis.com/books/9780429313219
942 _cEBOOK
999 _c1811960
_d1811960